书目信息 |
| 题名: |
小城镇街道和广场设计
|
|
| 作者: | 赵之枫 , 张建 , 骆中钊 编著 | |
| 分册: | ||
| 出版信息: | 北京 化学工业出版社 2005 |
|
| 页数: | 142页 | |
| 开本: | 25×26cm | |
| 丛书名: | 小城镇建设设计丛书 | |
| 单 册: | ||
| 中图分类: | TU984.191 , TU984.18 | |
| 科图分类: | ||
| 主题词: | 城镇--城市道路--建筑设计--中国 , 城镇--广场--建筑设计--中国 , 城镇 , 城市道路 , 建筑设计 , 广场 | |
| 电子资源: | ||
| ISBN: | 7-5025-7089-6 | |
| 000 | 01319oam2 2200349 450 | |
| 001 | 012007978409 | |
| 005 | 20070522173428.48 | |
| 010 | @a7-5025-7089-6@dCNY40.00 | |
| 100 | @a20070516d2005 km y0chiy0120 ea | |
| 101 | 0 | @achi |
| 102 | @aCN@b110000 | |
| 105 | @aa z 000yy | |
| 106 | @ar | |
| 200 | 1 | @a小城镇街道和广场设计@Axiao cheng zhen jie dao he guang chang she ji@f赵之枫,张建,骆中钊等编著@Fzhao zhi feng,zhang jian,luo zhong zhao deng bian zhu |
| 210 | @a北京@c化学工业出版社@d2005 | |
| 215 | @a142页@c图@d25×26cm | |
| 225 | 2 | @a小城镇建设设计丛书 |
| 330 | @a本书中阐述了我国传统村镇街道和广场的历史演变和作用并分析了其空间特点;在剖析当代小城镇街道和广场的发展现状和主要问题的基础上,结合当代小城镇环境空间设计的相关理论,提出了现代小城镇街道和广场的设计理念;分别对小城镇的街道和广场设计进行了系统阐述等。 | |
| 461 | 0 | @12001 @a小城镇建设设计丛书 |
| 606 | 0 | @a城镇@x城市道路@x建筑设计@y中国 |
| 606 | 0 | @a城镇@x广场@x建筑设计@y中国 |
| 606 | 0 | @a城镇 |
| 606 | 0 | @a城市道路 |
| 606 | 0 | @a建筑设计 |
| 606 | 0 | @a广场 |
| 690 | @aTU984.191@v4 | |
| 690 | @aTU984.18@v4 | |
| 701 | 0 | @a赵之枫@Azhao zhi feng@c(女)@4编著 |
| 701 | 0 | @a张建@Azhang jian@c(建筑学)@4编著 |
| 701 | 0 | @a骆中钊@Aluo zhong zhao@f(1939~)@4编著 |
| 801 | 0 | @aCN@bRULIN@c20070522 |
| 905 | @dTU984.191@e361@s10 | |
| 小城镇街道和广场设计/赵之枫,张建,骆中钊等编著.-北京:化学工业出版社,2005 |
| 142页:图;25×26cm.-(小城镇建设设计丛书) |
| ISBN 7-5025-7089-6:CNY40.00 |
| 本书中阐述了我国传统村镇街道和广场的历史演变和作用并分析了其空间特点;在剖析当代小城镇街道和广场的发展现状和主要问题的基础上,结合当代小城镇环境空间设计的相关理论,提出了现代小城镇街道和广场的设计理念;分别对小城镇的街道和广场设计进行了系统阐述等。 |
| ● |
| 相关链接 |
|
|
|
|
正题名:小城镇街道和广场设计
索取号:TU984.191/361
 
预约/预借
| 序号 | 登录号 | 条形码 | 馆藏地/架位号 | 状态 | 备注 |
| 1 | 0580505 | 205805057 | 第二样本阅览室/ [索取号:TU984.191/361] | 在馆 | |
| 2 | 0580506 | 205805066 | 第三借阅区/ [索取号:TU984.191/361] | 在馆 | |
| 3 | 0580507 | 205805075 | 第三借阅区/ [索取号:TU984.191/361] | 在馆 | |
| 4 | 0580508 | 205805084 | 第三借阅区/ [索取号:TU984.191/361] | 在馆 | |
| 5 | 0580509 | 205805093 | 第三借阅区/ [索取号:TU984.191/361] | 在馆 | |
| 6 | 0580510 | 205805100 | 第三借阅区/ [索取号:TU984.191/361] | 在馆 | |
| 7 | 0580511 | 205805119 | 第三借阅区/ [索取号:TU984.191/361] | 在馆 | |
| 8 | 0580512 | 205805128 | 第三借阅区/ [索取号:TU984.191/361] | 在馆 | |
| 9 | 0580513 | 205805137 | 第三借阅区/ [索取号:TU984.191/361] | 在馆 | |
| 10 | 0580514 | 205805146 | 第三借阅区/ [索取号:TU984.191/361] | 在馆 |